| 000 | 00860nam0a22002651 4500 | ||
|---|---|---|---|
| 001 | rc\382932 | ||
| 005 | 20260405164121.0 | ||
| 010 |
_a5-85250-117-4 _925000 |
||
| 035 | _a(NLR Aleph) 005601041 | ||
| 090 |
_a6313020 _c6313020 |
||
| 100 | _a20030307d1989 |||y0rusy50 ca | ||
| 101 | 0 | _arus | |
| 102 | _aRU | ||
| 105 | _aa ||||||||| | ||
| 200 | 1 |
_aМир фотографии _e[Сборник _fСост. В. Стигнеев, А. Липков] |
|
| 210 |
_aМ. _cПланета _d1989 |
||
| 215 |
_a239 с. _cил. _d29 |
||
| 320 | _aБиблиогр. в примеч. в конце ст. | ||
| 702 | 1 |
_4220 _7ca _8rus _aСтигнеев _bВ. Т. _f1937-2021 _gВалерий Тимофеевич _953061 _3RU\NLR\AUTH\7770133 |
|
| 801 | 0 |
_aRU _bNLR _gpsbo |
|
| 801 | 1 |
_aRU _bELAR _2rusmarc |
|
| 852 |
_aNLR _j89-8/1003 |
||
| 942 | _cBOOK | ||
| 980 | _aNB | ||